• 首页
  • 本馆介绍
  • 公告通知
  • 最新文献
  • 馆藏检索
  • 电子资源
  • 读者导购
  • 参考咨询
  • 我的图书馆
  • 登录
  • 详细信息显示
  • 放入我的书架
  • 预约/预借图书
  • 作者相关作品
  • 分类相关作品
  • 丛书相关作品
  • 出版社相关作品

书目信息

  • 表格格式
  • 工作单格式
  • 卡片格式
题名:
中国动物志
    
 
作者: 王祯瑞
分册:  
出版信息: 北京   科学出版社  1997
页数: 268
开本: 26cm
丛书名:
单 册:
中图分类: Q19
科图分类:
主题词: 生物学:分类学
电子资源:
ISBN: 7-03-005575-6
000 00619nam0 2200193 450
001 0741144344
005 20070817112544.34
010    @a7-03-005575-6@b精装@d¥39.00
100    @a20070817d km y0chiy0120 ea
101 0  @achi
200 1  @a中国动物志@Azhong guo dong wu zhi@e软体动物门 双壳纲 贻贝目@f王祯瑞@Fwang zhen rui
210    @a北京@c科学出版社@d1997
215    @a268@c彩图@d26cm
517 1  @a软体动物门 双壳纲 贻贝目@Aruan ti dong wu men shuang ke gang yi bei mu
606 0  @a生物学:分类学
690    @aQ19@v3
701  0 @a王祯瑞@Awang zhen rui
801  0 @aCN@bPFT@c20070817
905    @a213230@dQ19@en1:3@f1
    
    中国动物志:软体动物门 双壳纲 贻贝目/王祯瑞.-北京:科学出版社,1997
    268:彩图;26cm
    
    
    ISBN 7-03-005575-6(精装):¥39.00
    
●
相关链接 在E读中查询图书 在五车中查询图书 在当当中查询图书 在豆瓣中查询图书


正题名:中国动物志     索取号:Q19/n1:3         预约/预借

序号 登录号 条形码 馆藏地/架位号 状态 备注
1 6600089   266000891   密集书库-生命科学系/ [索取号:Q19/n1:3] 在馆    
唐山师范学院图书馆 欢迎您!
大连网信软件有限公司© 版权所有